Riconosci la Squadra di calcio - Quiz n°131 - Statistics

Statistiche generali
  • Questo quiz è stato fatto 12 volte
  • Il punteggio medio è 7 su 10
Statistiche sulle risposte
Indizio Risposta % Corretto
Colori sociali Rosso, bianco
100%
Simboli Leone
91%
Titoli nazionali 8 Titoli di Spagna
82%
Divisione nazionale 2023-2024 Prima
82%
Trofei nazionali 24 Coppe del Re 3 Supercoppe di Spagna 1 Coppa Eva Duarte
73%
Trofei internazionali 0
64%
Confederazione UEFA
64%
Fondazione 1898
55%
Capienza Stadio 53 289 posti
55%
Squadra Athletic Bilbao
45%
Nessun quiz corrispondente trovato
Distribuzione punteggi
Percentuale di utenti per punteggio
Percentile per numero di risposta
I tuoi punteggi nel tempo
Non hai fatto questo quiz